Hindi film song: (Record no. 142873)

MARC details
000 -LEADER
fixed length control field 00711nam a22001937a 4500
005 - DATE AND TIME OF LATEST TRANSACTION
control field 20170726142735.0
020 ## - INTERNATIONAL STANDARD BOOK NUMBER
International Standard Book Number 9788185002644
Terms of availability 695.00
035 ## - SYSTEM CONTROL NUMBER
System control number B-667321
037 ## - SOURCE OF ACQUISITION
Stock number dpl
Source of stock number/acquisition Aakar/Ven
082 ## - DEWEY DECIMAL CLASSIFICATION NUMBER
Classification number 781.5420954
100 ## - MAIN ENTRY--PERSONAL NAME
Personal name Ranade, Ashok Da
245 ## - TITLE STATEMENT
Title Hindi film song:
Statement of responsibility, etc by Ashok Da Ranade
Remainder of title music beyond boundries /
260 ## - PUBLICATION, DISTRIBUTION, ETC. (IMPRINT)
Place of publication, distribution, etc New Delhi
Name of publisher, distributor, etc Promilla & Co.
Date of publication, distribution, etc 2013
270 ## - ADDRESS
Address C-127, Sarvodaya Enclave,
City New Delhi
Postal code 110017
300 ## - PHYSICAL DESCRIPTION
Extent 440p.
Dimensions 21cm(pbk)
500 ## - GENERAL NOTE
General note Includes bibliographical references and index
942 ## - ADDED ENTRY ELEMENTS (KOHA)
Source of classification or shelving scheme Dewey Decimal Classification
Item type English Books
Classification part 915.404532
Call number suffix MON
Holdings
Withdrawn status Lost status Not for loan Collection code Home library Current library Date acquired Source of acquisition Cost, normal purchase price Full call number Barcode Copy number Cost, replacement price Koha item type
      Non-fiction Ashok Vihar Ashok Vihar 26/07/2017 BPPD/EN/2014-15/AV/16-17/412/15.2.2017/I-3324/01.03.2017/ 17.3.2017 695.00 915.404532 MON B-667321 1 695.00 English Books

© Delhi Public Library
Hit Counter
free hit counter